| 000 | 00451nam a22001697a 4500 | ||
|---|---|---|---|
| 003 | BD-DhUL | ||
| 005 | 20180509115512.0 | ||
| 008 | 180508s1952 ii ||||| |||| 00| 0 urd d | ||
| 040 |
_aBD-DhUL _cBD-DhUL |
||
| 082 |
_a723.3 _bRII |
||
| 100 | 0 | _aرچمنڈاف | |
| 245 | 2 |
_aاسلامی فن عمیر / _cرچمنڈاف |
|
| 260 |
_aدہلی : _bٖ، _c۔۱۹۵۲ |
||
| 300 |
_aص۔ ۲۳۶ ؛ _c۲۱ سم۔ |
||
| 650 | 0 | _aSaracenic | |
| 942 |
_2ddc _cBK |
||
| 999 |
_c241097 _d241097 |
||